000 00545cam a2200181 i 4500
005 20251127121142.0
008 250721s1973 le gr 000 0 ara d
082 1 4 _a212
_bس ي د
100 1 _aقطب، سيد
_eمؤلف .
245 1 0 _aتفسير آيات الربا /
_cسيد قطب .
264 1 _aبيروت ,
_bدار الشروق،
_c1973.
300 _a67صفحه.
650 1 7 _aالقرآن الكريم.
650 1 7 _aتفسير القرآن.
650 1 7 _aسور القرآن.
942 _2ddc
_cBK
999 _c17257
_d17257